000 00445nam a2200193Ia 4500
005 20251020182524.0
008 200515s9999 xx 000 0 und d
082 _a691.328/A76/1974
100 _aARQUERO, Francisco
245 0 _aCalculo practico del hormigón armado
250 _a11a ed.
260 _aBarcelona
260 _c1974
500 _a1 ejemplar
650 _aCONCRETO
650 _aHORMIGON
650 _aLIB
942 _cLIB
999 _c1854
_d1854